000 00703nam a22001937a 4500
005 20251108170722.0
008 250721s2013 xx 000 0 ara d
082 1 4 _a697.93/روس
100 1 _aأبو الروس، ابراهيم يعقوب
245 1 0 _aالتقنيات الشاملة المبسطة لنظم التكييف و التبريد :
_bتطبيقات اساسية ( التبريد و الوحدات المتوسطة ) /
264 1 _aعمان :
_bالمؤلف،
_c2013.
300 _a348ص.
650 1 7 _aالتبريد
650 1 7 _aانظمة التبريد
650 1 7 _aتكييف الهواء
650 1 7 _aالهندسة الحرارية
942 _2ddc
_cBK
999 _c47352
_d47352